000 00531cam a2200205ua 4500
001 8328
005 20260515114324.0
008 150128n ii |||gr||||Z||||||asm
040 _cMAIN
041 _aasm
082 _a891.451
100 _aHandique, M. Kr.,
_eAuthor.
245 1 _aHomen Borgohain bitark aru sahitya
_cBy Mridul Kr. Handique
250 _a2nd.
260 _aGuwahati:
_bSahachar,
_c2010.
300 _a207p.
653 _aEast Indo-European & Celtic literatures
653 _aAssamese literature
942 _cBK
999 _c7434
_d7434